01641nam a2200349 u 450000100070000000500170000700800410002403500160006503500210008104000130010204100080011508000060012311100700012924500450019926000790024430000180032350500580034150500640039950500770046350500780054050500610061850500470067950500970072650500940082350500920091750500430100950500530105250500570110550500670116265000300122965000320125981599220260506093411.0021004e19891001 spa  a815992z354 a(OCoLC)777752505 ccomduadb aspa aE20aForo Nacional sobre Servicios Publicos (1989 : Bogota),4auteaut10aForo Nacional sobre Servicios Públicos aBogotá :bAsociacion Colombiana para la Modernizacion del Estado,c1989. a513 páginas80tProblemas de financiamiento de los servicios publicos80tEl control de gestion en las empresas de servicios publicos80tControl de gestion y productividad en las empresas de servicios publicos80tEvaluacion de las empresas de servicios publicos : un enfoque alternativo80tLa expansion de los servicios publicos : reto del futuro80tLa Modernizacion de los servicios publicos80tLa privatizacion de los servicios publicos : falsa alternativa frente a la crisis financiera80tProblematica de tarifas : distorsiones en su percepcion o falsas alternativas de solucion80tRetos y dificultades en el control de la gestion de las empresas electricas de Colombia80tServicios publicos y descentralizacion80tServicios publicos y la modernizacion del Estado80tViabilidad de la privatizacion de servicios publicos80tExisten bases para la privatizacion de los servicios publicos? 7aSector público2unescot aPrivatización de empresas